| 000 | 00545cam a22002171 4500 | ||
|---|---|---|---|
| 001 | 9683056 | ||
| 005 | 20180206073455.0 | ||
| 008 | 740703s1930 xx 000 0 eng | ||
| 010 | _a 30007763 | ||
| 035 | _a(OCoLC)936264 | ||
| 040 |
_aDLC _cOU _dOCoLC _dDLC |
||
| 041 | _aeng | ||
| 042 | _apremarc | ||
| 080 | _a91 THOR | ||
| 082 | _a91 THOR | ||
| 100 | 1 | _a42 | |
| 101 | _aGJEO | ||
| 245 | 1 | 4 |
_aThe maintenance of soil fertility, _cby Charles Embree Thorne... |
| 906 |
_a7 _bcbc _coclcrpl _du _encip _f19 _gy-gencatlg |
||
| 942 |
_2ddc _cBK |
||
| 999 |
_c41926 _d41926 |
||